| 000 | 01512nam a2200325 i 4500 | ||
|---|---|---|---|
| 003 | EG-ScBUE | ||
| 005 | 20230911110430.0 | ||
| 008 | 170919s1961 ua f b 000 0dara d | ||
| 040 |
_aEG-ScBUE _bara _erda _cEG-ScBUE _dEG-ScBUE |
||
| 041 | 1 |
_aara _heng |
|
| 082 | 0 | 4 |
_a907.2 _bن ف ف _222 |
| 100 | 1 |
_aنف، إيمري، _eمؤلف. |
|
| 240 | 1 | 4 |
_aPoetry of history. _lArabic |
| 245 | 1 | 2 |
_aالمؤرخون وروح الشعر : _bدراسة لإسهام الأدب والعلوم الأدبية في تدوين التاريخ منذ عهد فولتير / _cتأليف إيمري نف ؛ ترجمة الدكتور توفيق إسكندر ؛ مراجعة وتقديم محمد شفيق غربال. |
| 264 | 1 |
_aالقاهرة : _bمكتبة الأنجلو المصرية، _c1961. |
|
| 300 |
_a282 صفحة : _cإيضاحيات ؛ _b24 سم |
||
| 336 |
_2rdacontent _aنص _btxt |
||
| 337 |
_2rdamedia _aبدون وسيط _bn |
||
| 338 |
_2rdacarrier _aمجلد _bnc |
||
| 504 | _aيشتمل على إرجاعات ببليوجرافية. | ||
| 546 | _aالنص باللغة العربية ؛ مترجم من اللغة الإنجليزية. | ||
| 600 | 1 | 7 |
_aفولتير، فرانسوا، _d1694-1778. _2BUEsh |
| 650 | 7 |
_aالأدب والتاريخ. _2BUEsh |
|
| 651 | _2BUEsh | ||
| 653 |
_bHHUUEENN _bGGEN _cSeptember2017 |
||
| 655 | _vReading book | ||
| 700 | 1 |
_aإسكندر، توفيق، _eمترجم. _922190 |
|
| 700 | 1 |
_aغربال، محمد شفيق، _eمراجع، _eمقدم. |
|
| 942 |
_cBB _2ddc |
||
| 999 |
_c5448 _d5448 |
||